| 000 | 00575cam a2200205 a 4500 | ||
|---|---|---|---|
| 001 | sa 65001737 | ||
| 003 | DLC | ||
| 005 | 20260227112111.0 | ||
| 008 | 890825s1962 pk 000 p urdo | ||
| 010 | _asa 65001737 | ||
| 035 | _a(OCoLC)20258332 | ||
| 040 |
_aDLC _cDLC _dDLC |
||
| 050 | 0 | 0 |
_aPK2200.J5 _bN3 1962 |
| 100 | 0 |
_aJīlānī Kāmrān, _d1926-2003. |
|
| 245 | 1 | 0 |
_aNaqsh kaf-i pā : _bek lambī naẓm / _cJīlānī Kāmrān. |
| 250 | _a1. ishāʻat. | ||
| 260 |
_aLāhaur : _bMaktabah-yi Adab-i Jadīd, _c1962. |
||
| 300 |
_a49 p. ; _c22 cm. |
||
| 546 | _aIn Urdu. | ||
| 999 |
_c62194 _d62194 |
||